Técnicos Campeões Campeonato Brasileiro Século XXI - Statistics

Estatísticas Gerais
  • Esse quiz foi jogado 107 vezes
    57 desde o último reset
  • A pontuação média é 17 de 23
Estatísticas das Respostas
Ano UF Clube Técnico % Correto
2022 POR Palmeiras Abel Ferreira / Abel
98%
2023 POR Palmeiras Abel Ferreira / Abel
98%
2019 Por Flamengo Jorge Jesus
94%
2015 RS Corinthians Tite
93%
2021 PR Atlético Mineiro Cuca
91%
2018 RS Palmeiras Luiz Felipe Scolari / Felipão
91%
2020 PR Flamengo Rogério Ceni
89%
2011 RS Corinthians Tite
85%
2017 SP Corinthians Fábio Carille
81%
2006 SP São Paulo Muricy Ramalho
80%
2007 SP São Paulo Muricy Ramalho
80%
2008 SP São Paulo Muricy Ramalho
80%
2016 PR Palmeiras Cuca
78%
2003 SP Cruzeiro Vanderlei Luxemburgo
72%
2013 MG Cruzeiro Marcelo Oliveira
70%
2014 MG Cruzeiro Marcelo Oliveira
70%
2004 SP Santos Vanderlei Luxemburgo
65%
2012 RJ Fluminense Abel Braga
63%
2010 SP Fluminense Muricy Ramalho
59%
2009 MG Flamengo Andrade
56%
2002 SP Santos Emerson Leão
44%
2005 RJ Corinthians Antônio Lopes
41%
2001 SP Athletico Paranaense Geninho
31%
Nenhum quiz correspondente encontrado
Distribuição das Pontuações
Porcentagem de Pessoas com Cada Pontuação
Percentil de Números Respondidos
Sua Pontuação Histórica
Você não jogou esse quiz desde o último reset